000 00336nam a22001457a 4500
003 OSt
005 20160727222354.0
008 160622b xxu||||| |||| 00| 0 eng d
040 _cTest
100 _9486
_aHodge, L. L
245 _aMark and Mandy
260 _aEngland
_b Peter Haddock. Inc.
300 _aMark and Mandy
942 _2ddc
_cBK
999 _c402
_d402